| 000 | 00434nam a2200109Ia 4500 | ||
|---|---|---|---|
| 008 | 160909s9999 xx 000 0 und d | ||
| 100 | _aMiller, Taylor Kathryn | ||
| 245 | _aI Am The Space Where I Am: An Arts-Informed Autoethnographic Inquiry On Place-Conscious Education In The Community | ||
| 260 |
_bThe University of Arizona. _c2016 |
||
| 650 | _aMULTIMEDIA ARTS | ||
| 856 | _uhttp://pqdtopen.proquest.com/doc/1807433914.html?FMT=ABS | ||
| 999 |
_c304294 _d304294 |
||